| 000 | 00481nmm a2200157Ia 4500 | ||
|---|---|---|---|
| 008 | 251105s9999||||xx |||||||||||||||||und|| | ||
| 041 | _acat | ||
| 100 | _aBrondo, Cristina | ||
| 245 | 0 |
_aPekeYoguis : _b Practica ioga en família |
|
| 264 |
_a[Madrid, España] : _bUnivers Llibres, _c[Fecha de publicación no identificada] |
||
| 300 | _a0 páginas | ||
| 490 | _aUnivers digital | ||
| 650 | _aFamily | ||
| 856 | _uhttps://public.digitaliapublishing.com/a/119762 | ||
| 942 | _cCF | ||
| 999 |
_c100907 _d100907 |
||